[Event "Eastern Asia-ch U14"]
[Site "Tornelo INT"]
[Date "2021.10.30"]
[Round "6"]
[White "Nguyen, Hoai An"]
[Black "Hirman, Adam Faris"]
[Result "1-0"]
[WhiteElo "1438"]
[BlackElo "1081"]
[PlyCount "67"]
[EventDate "2021.10.29"]
[EventType "swiss"]
[EventRounds "9"]
[EventCountry "NET"]
[SourceTitle "EXT 2023"]
[Source "ChessBase"]
[SourceDate "2022.10.05"]
[SourceVersion "1"]
[SourceVersionDate "2022.10.05"]
[SourceQuality "1"]

1. Nf3 d5 2. d4 Nf6 3. c4 e6 4. e3 Be7 5. Nc3 0-0 6. Bd3 b6 7. 0-0 Bb7 8. Ne2 dxc4 9. Bxc4 Bxf3 10. gxf3 Bd6 11. Ng3 Nc6 12. f4 Nd5 13. Qf3 Be7 14. a3 f5 15. Bd2 Rf6 16. Rac1 Na5 17. Ba2 Nb7 18. Nxf5 Rxf5 19. e4 Rf6 20. exd5 Nd6 21. Kh1 Rb8 22. dxe6 Nf5 23. d5 Nh4 24. Qe4 a5 25. Rg1 g6 26. Bc3 Rf8 27. Be5 Rc8 28. Bc4 Bd6 29. Bb5 Bxe5 30. Qxe5 Nf3 31. e7 Nxe5 32. exd8Q Rfxd8 33. fxe5 Rxd5 34. Bc4 1-0

[Event "Eastern Asia-ch U14"]
[Site "Tornelo INT"]
[Date "2021.10.29"]
[Round "2"]
[White "Beheshti, Bardia"]
[Black "Hirman, Adam Faris"]
[Result "1/2-1/2"]
[WhiteElo "1249"]
[BlackElo "1081"]
[PlyCount "35"]
[EventDate "2021.10.29"]
[EventType "swiss"]
[EventRounds "9"]
[EventCountry "NET"]
[SourceTitle "EXT 2023"]
[Source "ChessBase"]
[SourceDate "2022.10.05"]
[SourceVersion "1"]
[SourceVersionDate "2022.10.05"]
[SourceQuality "1"]

1. e4 c6 2. d4 d5 3. exd5 cxd5 4. Bd3 Nc6 5. c3 e5 6. dxe5 Nxe5 7. Qe2 Qe7 8. Bb5+ Bd7 9. Bxd7+ Kxd7 10. Be3 Nc4 11. Bc1 Re8 12. Qxe7+ Bxe7 13. Ne2 Bc5 14. Nd2 Nxd2 15. Bxd2 Nf6 16. f3 Re7 17. Kf1 Rhe8 18. Re1 1/2-1/2

[Event "Eastern Asia-ch U14"]
[Site "Tornelo INT"]
[Date "2021.10.29"]
[Round "3"]
[White "Hirman, Adam Faris"]
[Black "Alisherov, Alikhan"]
[Result "1/2-1/2"]
[WhiteElo "1081"]
[BlackElo "1343"]
[PlyCount "92"]
[EventDate "2021.10.29"]
[EventType "swiss"]
[EventRounds "9"]
[EventCountry "NET"]
[SourceTitle "EXT 2023"]
[Source "ChessBase"]
[SourceDate "2022.10.05"]
[SourceVersion "1"]
[SourceVersionDate "2022.10.05"]
[SourceQuality "1"]

1. Nf3 d5 2. c4 c6 3. e3 Nf6 4. Nc3 e6 5. Qc2 Nbd7 6. b3 Be7 7. Bb2 0-0 8. Be2 b6 9. d4 Bb7 10. Bd3 h6 11. 0-0 Qc7 12. e4 dxe4 13. Nxe4 c5 14. Rad1 Nxe4 15. Bxe4 Bxe4 16. Qxe4 Bf6 17. Ne5 cxd4 18. Nxd7 Qxd7 19. Bxd4 Bxd4 20. Rxd4 Qe7 21. Rfd1 Rad8 22. Qd3 Rxd4 23. Qxd4 Qa3 24. Qd2 Qe7 25. Qd6 Re8 26. g3 Qxd6 27. Rxd6 Re7 28. Kg2 Kh7 29. f4 Kg6 30. Kf3 Kf6 31. b4 Rc7 32. Rd4 g5 33. a3 gxf4 34. gxf4 Kf5 35. Re4 f6 36. Rd4 e5 37. fxe5 fxe5 38. Rh4 Kg5 39. Re4 Kf5 40. Rh4 Kg5 41. Re4 Re7 42. c5 bxc5 43. bxc5 Kf5 44. c6 Rc7 45. Rc4 a5 46. a4 Ke6 1/2-1/2

[Event "Eastern Asia-ch U14"]
[Site "Tornelo INT"]
[Date "2021.10.29"]
[Round "1"]
[White "Hirman, Adam Faris"]
[Black "Ashvin Venkat, G."]
[Result "0-1"]
[WhiteElo "1081"]
[BlackElo "1479"]
[PlyCount "82"]
[EventDate "2021.10.29"]
[EventType "swiss"]
[EventRounds "9"]
[EventCountry "NET"]
[SourceTitle "EXT 2023"]
[Source "ChessBase"]
[SourceDate "2022.10.05"]
[SourceVersion "1"]
[SourceVersionDate "2022.10.05"]
[SourceQuality "1"]

1. Nf3 Nf6 2. c4 g6 3. g3 Bg7 4. Bg2 0-0 5. 0-0 d6 6. d4 Nbd7 7. Nc3 c5 8. d5 a6 9. a4 Rb8 10. a5 b5 11. axb6 Nxb6 12. Qd3 Qc7 13. e4 Ng4 14. h3 Nf6 15. Nd2 Nh5 16. Re1 f5 17. exf5 gxf5 18. Qe2 Nf6 19. Qxe7 Bd7 20. Qe2 Rbe8 21. Qd1 Rxe1+ 22. Qxe1 Re8 23. Qf1 Qc8 24. Kh2 Nh5 25. f4 Re3 26. Nf3 Re8 27. Qd3 Nf6 28. Bd2 Ne4 29. Re1 Nxd2 30. Qxd2 Rxe1 31. Qxe1 Nxc4 32. Qe2 Nb6 33. Ng5 Bxc3 34. bxc3 Bb5 35. Qe7 Qd7 36. Qxd7 Bxd7 37. Bf1 h6 38. Nf3 Bb5 39. Bxb5 axb5 40. Nh4 b4 41. Nxf5 b3 0-1